| 000 | 00535nam a2200181 a 4500 | ||
|---|---|---|---|
| 001 | 37261 | ||
| 005 | 20180714010130.0 | ||
| 008 | 140415s1998 000 0 spa d | ||
| 020 | _a9681020677 | ||
| 041 | _aspa | ||
| 082 |
_a343.720877 _bWIT |
||
| 100 | 1 | _aWitker, Jorge. | |
| 245 | 1 | 0 | _aINTRODUCCION A LA VALORACION ADUANERA DE LAS MERCANCIAS |
| 260 |
_a[s.l.] : _bMCGRAW-HILL INTERAMERICANA EDITORES, _c1998 |
||
| 300 | _a148 | ||
| 490 | _aTEMAS DE COMERCIO EXTERIOR | ||
| 650 | 1 | 4 |
_aCOMERCIO EXTERIOR _xIMPUESTOS |
| 999 |
_c37261 _d37261 |
||